Brazil National Team Players - Statistics

General Stats
  • This quiz has been taken 14 times
  • The average score is 12 of 24
Answer Stats
Position Club Club % Correct
GK Fenerbahçe Ederson
100%
DEF PSG Marquinhos
92%
MID Manchester United Casemiro
77%
ATT Real Madrid Vinícius Júnior
77%
GK Al-Nassr Bento
69%
ATT Lyon (loan from Real Madrid) Endrick
62%
ATT Arsenal Gabriel Martinelli
62%
MID Chelsea Andrey Santos
54%
DEF Juventus Bremer
54%
DEF Zenit Douglas Santos
54%
ATT Brentford Igor Thiago
54%
ATT Manchester United Matheus Cunha
54%
DEF Flamengo Danilo
46%
MID Botafogo Danilo
46%
MID Al-Ittihad Fabinho
46%
ATT Chelsea João Pedro
46%
GK Corinthians Hugo Souza
38%
DEF Flamengo Léo Pereira
38%
ATT Zenit Luiz Henrique
38%
ATT Bournemouth Rayan
38%
DEF Al-Ahli Roger Ibañez
38%
DEF Girona (loan from Man City) Vitor Reis
31%
MID Galatasaray Gabriel Sara
23%
DEF Cruzeiro Kaiki
8%
No matching quizzes found
Score Distribution
Percent of People with Each Score
Percentile by Number Answered
Your Score History
You have not taken this quiz